Les 20 plus grandes villes du Puy-de-Dôme sur une carte - Statistiques

Statistiques générales
  • Ce quiz a été pris 111 fois
  • Le résultat moyen est 13 sur 20
Réponses sur la Carte
Les réponses sont colorées sur une échelle allant du rouge au vert en fonction du pourcentage des utilisateurs qui les ont devinées à leur premier essai. Vous pouvez retrouver ces pourcentages ci-dessous.
 
Statistiques - réponses
Commune Population % Correct
Clermont-Ferrand 147 751
100%
Riom 18 680
94%
Issoire 15 078
90%
Thiers 11 686
85%
Cournon-d'Auvergne 20 020
81%
Chamalières 17 591
78%
Ambert 6 556
77%
Aubière 10 273
71%
Beaumont 10 787
65%
Lempdes 8 646
60%
Pont-du-Château 12 422
60%
Gerzat 10 268
59%
Cébazat 8 949
52%
Ceyrat 6 548
48%
Châtel-Guyon 6 294
47%
Vic-le-Comte 5 336
45%
Romagnat 7 905
43%
Le Cendre 5 455
40%
Billom 4 826
38%
Lezoux 6 468
38%
Aucun quiz correspondant
Distribution des résultats
% des personnes avec chaque résultat
Percentile par nombre de réponses
Votre historique - résultats
Vous n’avez pas pris ce quiz